| 000 | 00000nam##2200000za#4500 |
| 001 | 9.571598 |
| 003 | CaOODSP |
| 005 | 20211126112844 |
| 007 | cr ||||||||||| |
| 008 | 150406|2002||||xxc|||||o f|0| 0 eng|d |
| 022 | |a1701-9397 |
| 040 | |aCaOODSP|beng |
| 043 | |an-cn--- |
| 086 | 1 |aFB3-2/102-18E-PDF |
| 110 | 2 |aBank of Canada. |
| 245 | 10|aEstimated DGE models and forecasting accuracy : |h[electronic resource]|ba preliminary investigation with Canadian data / |cby Kevin Moran and Veronika Dolar. |
| 260 | |aOttawa - Ontario : |bBank of Canada |cJuly 2002. |
| 300 | |a40p.|bgraphs, references, tables |
| 490 | 1 |aBank of Canada working paper|x1701-9397|v2002-18 |
| 500 | |a"This paper applies the hybrid dynamic general-equilibrium, vector autoregressive (DG-VAR) model developed by Ireland (1999) to Canadian time series. It presents the first Canadian evidence that a hybrid DGE-VAR model may have better out-of-sample forecasting accuracy than a simple, structure-free VAR model."--Abstract, page v. |
| 500 | |aThe ISSN (1192-5434) for the print edition has been incorrectly copied in this electronic publication. |
| 546 | |aRésumé en français. |
| 590 | |a11-19-Supp|b2011-09-23 |
| 690 | 07|aEconomic forecasting|2gcpds |
| 690 | 07|aModels|2gcpds |
| 720 | 1 |aDolar, Veronika |
| 720 | 1 |aMoran, Kevin |
| 776 | 0#|tEstimated DGE models and forecasting accuracy : |w(CaOODSP)9.616008 |
| 830 | #0|aWorking paper (Bank of Canada)|x1701-9397|v2002-18|w(CaOODSP)9.504604 |
| 856 | 40|ahttp://publications.gc.ca|qPDF|s232 KB|uhttps://publications.gc.ca/collections/Collection/FB3-2-102-18E.pdf|y2002-18 |